000 00709cam a2200229 a 4500
001 000019958
005 20200929170215.0
008 730515s1973 xxc bs 000 0 eng d
020 _a0773501878
040 _aDO-SdBNP
_beng
_cLC
_dBNPHU
050 0 0 _aJL193
_b.M45 1973
082 _ann*
_bM515w
100 1 _aMeisel, John.
_942557
245 1 0 _aWorking papers on canadian politics /
_cJohn Meisel.
260 _aMontréal :
_bMcGill-Queen's University Press,
_c1973.
300 _axiv, 257 p. ;
_c22 cm.
504 _aIncluye referencias bibliográficas.
650 0 _aElections
_zCanada.
_942558
650 0 _aPolitical parties
_zCanada.
_942559
910 _aCatalogación derivada / LC
049 _aBNGR
999 _c19471
_d19471